[Event "WYCC 2018 O16"]
[Site "Halkidiki"]
[Date "2018.10.27"]
[Round "8"]
[White "Kim, Yunseo"]
[Black "Guerra Rivera, Salvador"]
[Result "0-1"]
[WhiteElo "1995"]
[BlackElo "2340"]
[Annotator "NA"]
[PlyCount "106"]
[EventDate "2018.10.20"]
[EventType "swiss"]
[EventCountry "GRE"]
[SourceTitle "playchess.com"]
[Source "ChessBase"]
[SourceQuality "1"]
[TimeControl "40/5400+30:1800+30"]

1. e4 {[%emt 0:00:00]} e5 {[%emt 0:03:10]} 2. Nf3 {[%emt 0:00:00]} d6 {[%emt 0:00:10]} 3. d4 {[%emt 0:00:05]} exd4 {[%emt 0:00:12]} 4. Nxd4 {[%emt 0:00:08]} Nf6 {[%emt 0:00:15]} 5. Nc3 {[%emt 0:00:08]} Be7 {[%emt 0:00:08]} 6. Bc4 {[%emt 0:00:46]} O-O {[%emt 0:00:23]} 7. O-O {[%emt 0:00:37]} c6 {[%emt 0:00:31]} 8. Re1 {[%emt 0:01:49]} b5 {[%emt 0:01:34]} 9. Bf1 {[%emt 0:02:08]} b4 {[%emt 0:00:24]} 10. Na4 {[%emt 0:02:08]} c5 {[%emt 0:02:02]} 11. Nf3 {[%emt 0:04:11]} Nc6 {[%emt 0:09:12]} 12. b3 {[%emt 0:06:28]} Re8 {[%emt 0:05:50]} 13. Bb2 {[%emt 0:03:43]} Bb7 {[%emt 0:13:08]} 14. e5 {[%emt 0:12:17]} dxe5 {[%emt 0:01:33]} 15. Qxd8 {[%emt 0:02:06]} Raxd8 {[%emt 0:01:39]} 16. Nxe5 {[%emt 0:01:24]} Nxe5 {[%emt 0:05:45]} 17. Bxe5 {[%emt 0:01:15]} Bc6 {[%emt 0:00:48]} 18. Rad1 {[%emt 0:04:25]} Rxd1 {[%emt 0:11:53]} 19. Rxd1 {[%emt 0:00:09]} Nd5 {[%emt 0:00:27]} 20. c4 {[%emt 0:11:00]} Nf6 {[%emt 0:04:55]} 21. Bxf6 {[%emt 0:03:43]} gxf6 {[%emt 0:00:31]} 22. Nb2 {[%emt 0:01:44]} f5 {[%emt 0:04:29]} 23. Nd3 {[%emt 0:04:29]} Rd8 {[%emt 0:00:28]} 24. Be2 {[%emt 0:05:18]} Kg7 {[%emt 0:01:15]} 25. Ne5 {[%emt 0:04:39]} Rxd1+ {[%emt 0:01:49]} 26. Bxd1 {[%emt 0:00:07]} Be4 {[%emt 0:00:11]} 27. f3 {[%emt 0:01:01]} Bb7 {[%emt 0:01:20]} 28. Bc2 {[%emt 0:11:56]} Kf6 {[%emt 0:01:19]} 29. Nd3 {[%emt 0:00:59]} Bd6 {[%emt 0:00:28]} 30. Kf2 {[%emt 0:00:25]} h5 {[%emt 0:03:15]} 31. g3 {[%emt 0:01:39]} Bc6 {[%emt 0:01:53]} 32. Nf4 {[%emt 0:01:42]} h4 {[%emt 0:01:04]} 33. Nd5+ {[%emt 0:01:12]} Bxd5 {[%emt 0:00:25]} 34. cxd5 {[%emt 0:00:07]} hxg3+ {[%emt 0:00:23]} 35. hxg3 {[%emt 0:00:05]} Ke5 {[%emt 0:00:03]} 36. Bd3 {[%emt 0:03:42]} f4 {[%emt 0:08:32]} 37. gxf4+ {[%emt 0:02:53]} Kd4 {[%emt 0:00:13]} 38. Bc4 {[%emt 0:01:14]} a5 {[%emt 0:04:40]} 39. Bb5 {[%emt 0:01:21]} Bxf4 {[%emt 0:03:23]} 40. Ke2 {[%emt 0:00:00]} f6 {[%emt 0:00:00]} 41. Bc6 {[%emt 0:10:36]} Kc3 {[%emt 0:07:05]} 42. Be8 {[%emt 0:06:29]} c4 {[%emt 0:07:08]} 43. bxc4 {[%emt 0:01:03]} Kb2 {[%emt 0:00:04]} 44. Kd3 {[%emt 0:16:44]} Kxa2 {[%emt 0:00:07]} 45. Ke4 {[%emt 0:00:20]} Bd6 {[%emt 0:00:34]} 46. Kf5 {[%emt 0:00:37]} Kb3 {[%emt 0:11:32]} 47. Ke6 {[%emt 0:03:49]} a4 {[%emt 0:00:30]} 48. Bxa4+ {[%emt 0:00:47]} Kxa4 {[%emt 0:00:03]} 49. Kxd6 {[%emt 0:00:05]} b3 {[%emt 0:00:02]} 50. c5 {[%emt 0:00:04]} b2 {[%emt 0:00:08]} 51. c6 {[%emt 0:00:16]} b1=Q {[%emt 0:00:04]} 52. c7 {[%emt 0:00:12]} Qb7 {[%emt 0:00:05]} 53. f4 {[%emt 0:00:58]} Kb5 {[%emt 0:00:07]} 0-1

[Event "WYCC 2018 O16"]
[Site "Halkidiki"]
[Date "2018.10.27"]
[Round "8"]
[White "Loukopoulos, Panagiotis-Athanasi"]
[Black "Nielsen, Andre"]
[Result "0-1"]
[WhiteElo "1988"]
[BlackElo "2260"]
[Annotator "NA"]
[PlyCount "110"]
[EventDate "2018.10.20"]
[EventType "swiss"]
[EventCountry "GRE"]
[SourceTitle "playchess.com"]
[Source "ChessBase"]
[SourceQuality "1"]
[TimeControl "40/5400+30:1800+30"]

1. e4 {[%emt 0:00:00]} e5 {[%emt 0:00:00]} 2. Nf3 {[%emt 0:00:00]} Nc6 {[%emt 0:00:00]} 3. Bc4 {[%emt 0:00:00]} Nf6 {[%emt 0:00:11]} 4. d3 {[%emt 0:00:00]} Bc5 {[%emt 0:00:46]} 5. O-O {[%emt 0:00:00]} d6 {[%emt 0:01:46]} 6. c3 {[%emt 0:00:11]} O-O {[%emt 0:04:18]} 7. Bg5 {[%emt 0:00:08]} h6 {[%emt 0:00:40]} 8. Bh4 {[%emt 0:00:05]} a6 {[%emt 0:03:25]} 9. Nbd2 {[%emt 0:02:32]} Ba7 {[%emt 0:03:49]} 10. Bb3 {[%emt 0:03:20]} Be6 {[%emt 0:10:12]} 11. Bc2 {[%emt 0:07:13]} Kh8 {[%emt 0:16:52]} 12. Re1 {[%emt 0:01:54]} Rg8 {[%emt 0:01:03]} 13. Bg3 {[%emt 0:18:40]} Ne7 {[%emt 0:07:13]} 14. d4 {[%emt 0:01:52]} Ng6 {[%emt 0:00:48]} 15. h3 {[%emt 0:13:33]} Nh5 {[%emt 0:06:13]} 16. Nxe5 {[%emt 0:08:26]} dxe5 {[%emt 0:00:45]} 17. Qxh5 {[%emt 0:00:03]} exd4 {[%emt 0:00:52]} 18. Nf3 {[%emt 0:07:37]} dxc3 {[%emt 0:03:44]} 19. bxc3 {[%emt 0:00:03]} Qe7 {[%emt 0:01:05]} 20. Nd4 {[%emt 0:08:04]} Rad8 {[%emt 0:03:50]} 21. Nxe6 {[%emt 0:06:49]} Qxe6 {[%emt 0:00:20]} 22. Bb3 {[%emt 0:00:39]} Qe7 {[%emt 0:03:44]} 23. e5 {[%emt 0:04:01]} Kh7 {[%emt 0:12:51]} 24. e6 {[%emt 0:01:32]} Qf6 {[%emt 0:04:59]} 25. exf7 {[%emt 0:01:04]} Rgf8 {[%emt 0:00:14]} 26. Re2 {[%emt 0:04:32]} Qxc3 {[%emt 0:03:03]} 27. Be5 {[%emt 0:04:16]} Nxe5 {[%emt 0:00:26]} 28. Qxe5 {[%emt 0:00:03]} Qxe5 {[%emt 0:01:50]} 29. Rxe5 {[%emt 0:00:03]} Bd4 {[%emt 0:00:39]} 30. Rae1 {[%emt 0:00:29]} Bxe5 {[%emt 0:01:34]} 31. Rxe5 {[%emt 0:00:03]} Rd7 {[%emt 0:01:18]} 32. Bc2+ {[%emt 0:02:52]} Kh8 {[%emt 0:01:01]} 33. Bg6 {[%emt 0:01:09]} Rdxf7 {[%emt 0:00:58]} 34. Bxf7 {[%emt 0:00:04]} Rxf7 {[%emt 0:00:09]} 35. Re8+ {[%emt 0:00:05]} Kh7 {[%emt 0:00:06]} 36. Rb8 {[%emt 0:00:03]} b6 {[%emt 0:01:06]} 37. Ra8 {[%emt 0:04:18]} a5 {[%emt 0:00:49]} 38. Rd8 {[%emt 0:00:09]} Kg6 {[%emt 0:01:28]} 39. Kf1 {[%emt 0:00:19]} Kf6 {[%emt 0:00:22]} 40. Ke2 {[%emt 0:00:00]} Ke6 {[%emt 0:00:00]} 41. Ke3 {[%emt 0:06:10]} Rd7 {[%emt 0:04:12]} 42. Rg8 {[%emt 0:00:16]} Kd5 {[%emt 0:00:42]} 43. f4 {[%emt 0:10:24]} b5 {[%emt 0:02:04]} 44. a4 {[%emt 0:03:39]} bxa4 {[%emt 0:01:11]} 45. Ra8 {[%emt 0:00:02]} Kc4 {[%emt 0:00:44]} 46. Rxa5 {[%emt 0:00:03]} Re7+ {[%emt 0:01:05]} 47. Kf3 {[%emt 0:00:14]} Kb4 {[%emt 0:00:29]} 48. Ra7 {[%emt 0:00:03]} a3 {[%emt 0:01:05]} 49. g4 {[%emt 0:00:48]} Kb3 {[%emt 0:00:38]} 50. Rb7+ {[%emt 0:00:23]} Kc2 {[%emt 0:08:31]} 51. Ra7 {[%emt 0:00:03]} Kb2 {[%emt 0:10:16]} 52. Rb7+ {[%emt 0:03:36]} Ka1 {[%emt 0:00:25]} 53. f5 {[%emt 0:02:13]} a2 {[%emt 0:01:02]} 54. Kf2 {[%emt 0:01:28]} Re4 {[%emt 0:01:55]} 55. Rxc7 {[%emt 0:00:02]} Kb2 {[%emt 0:00:12]} 0-1

[Event "WYCC 2018 O16"]
[Site "Halkidiki"]
[Date "2018.10.28"]
[Round "9"]
[White "Yakubboev, Nodirbek"]
[Black "Esipenko, Andrey"]
[Result "1/2-1/2"]
[WhiteElo "2522"]
[BlackElo "2609"]
[Annotator "TA"]
[PlyCount "152"]
[EventDate "2018.10.20"]
[EventType "swiss"]
[EventCountry "GRE"]
[SourceTitle "playchess.com"]
[Source "ChessBase"]
[SourceQuality "1"]

{[%evp 24,152,75,74,183,163,152,182,170,161,160,155,170,125,198,192,184,185,246,239,205,189,187,171,180,187,179,171,152,152,158,163,139,142,173,188,209,209,233,226,220,200,202,0,187,162,172,158,155,139,141,136,249,249,244,169,169,169,185,169,175,175,175,159,155,161,168,139,159,133,177,163,170,170,161,156,207,197,195,139,146,113,313,304,281,262,384,308,306,314,396,215,214,216,222,164,169,106,159,152,152,152,195,152,152,104,152,72,74,0,152,152,152,139,152,152,151,151,151,62,62,0,195,62,62,0,195,0,133,0,114]} 1. d4 Nf6 2. c4 e6 3. g3 Bb4+ 4. Bd2 Be7 5. Bg2 d5 6. Nf3 O-O 7. O-O c6 8. Qc2 Nbd7 9. Rd1 b6 10. Bf4 Ba6 {E08: Katalanisch} (10... Bb7 11. Ne5 Rc8 12. Nc3 Nh5 13. Bc1 Nhf6 14. e4 Bb4 15. Bg5 Qc7 16. Nxd7 Nxd7 17. a3 Bxc3 18. Qxc3 dxc4 19. Bf4 Qd8 20. Bd6 {0-1 (76) Dominguez Perez,L (2739)-Caruana,F (2822) Saint Louis 2018}) 11. Ne5 Rc8 12. Qa4 Bxc4 13. Nxc6 {LiveBook: 3 Partien} (13. Nxc4 b5 $15) 13... b5 (13... Qe8 $16) 14. Qa6 $1 $18 Rxc6 15. Qxc6 {[#] zielt auf Lf3 ab.} Bxe2 $146 ({Vorgänger:} 15... Qa5 16. Bd6 Bxd6 17. Qxd6 Bxe2 18. Rc1 {1-0 (70) Platzgummer,F (2312)-Giri,A (2687) Vienna 2011}) 16. Rd2 {[%cal Bd1d2,Bd2c2,Bc2c1,Bc1e1][%mdl 32]} Bg4 17. Nc3 Nb6 18. b3 (18. Qxb5 Nc4 $16) 18... Bb4 (18... b4 $16 {ist wohl besser.}) 19. Rc2 $1 (19. Nxb5 $6 Bxd2 20. Bxd2 Be2 $16) 19... Bf5 20. Rcc1 (20. Nxb5 Bxc2 21. Qxc2 Qd7 $11) 20... Ne4 (20... Ba3 {war einen Versuch wert.} 21. Nxb5 Bxc1 22. Rxc1 Qa8) 21. Bc7 $1 {[%cal Rc7d8]} (21. Bxe4 $6 dxe4 22. Nxb5 (22. Qxb5 Ba3 $11) 22... Nd5 $16) (21. Nxb5 $6 e5 $16) 21... Qf6 22. Nxe4 dxe4 23. Bxb6 axb6 24. Bxe4 (24. Qxb6 $6 Bd2 $14) 24... Ba3 25. Re1 Bg4 26. Kg2 {Und f3 würde nun gewinnen.} Bb4 27. Re3 (27. Qxb6 Bc3 $16) 27... Qxd4 28. Rf1 Qc5 {[#]} 29. h3 $1 {[%cal Rh3g4,Bh2h3,Bh3h4][%mdl 32]} Bh5 30. Rc1 Qg5 31. h4 (31. Qxb6 Bd2 $11) 31... Qh6 {und wenn ...Ld2 ginge, stände Schwarz gut.} 32. Rc2 ({Weniger gut wäre} 32. Qxb6 Bd2 $11) 32... Bd1 33. Rc1 ({Jedoch nicht} 33. Qxb5 $6 Bxc2 34. Qxb4 Bxe4+ 35. Rxe4 Qh5 $16) 33... Bh5 $1 {beabsichtigt ...Ld2.} 34. Rd3 ({Nicht} 34. Qxb6 Bd2 $11) 34... Bc5 35. Rc2 b4 36. Rcd2 Qf6 37. Qc7 Bg6 (37... g5 $16 38. hxg5 Qxg5) 38. Bxg6 Qxg6 39. Qf4 h5 40. Rd7 Qf6 41. Qe4 g6 42. R7d3 Qe7 43. Qc6 Kg7 44. Rd7 Qf6 45. Ra7 Qf5 46. Rb7 Kg8 47. Rbd7 Qf6 48. R7d3 Qe7 49. Qf3 Kg7 (49... Qc7 $16 50. Qe4 Qe7) 50. Rd7 Qf6 51. Qe2 ({Lieber} 51. Qxf6+ $18 Kxf6 52. f4) 51... e5 $16 52. Qe4 Bd4 $2 {[#]} (52... Rc8 $16 53. Rc2 Bd4) 53. f4 $1 $18 Kg8 54. Qd5 Qg7 (54... Qf5 $142 55. fxe5 Bc5) 55. fxe5 Bxe5 56. Rf2 Bb8 57. Rd8 (57. Re7 $142) 57... Bc7 58. Rxf8+ Qxf8 {[%mdl 4096] Endspiel KDT-KDL} 59. Qd7 Bd6 60. Kh3 (60. Rf6 $18 Bc5 61. Rc6) 60... Bc5 (60... Kg7 $142 61. Kh2 Be5) 61. Rf4 Kg7 62. Rf1 Qg8 63. Rf3 Qf8 64. Kg2 Kg8 65. Kf1 (65. Kh2 $142) 65... Kg7 $16 66. Kg2 (66. Ke2 $142) 66... Kg8 $1 67. Kh2 Kg7 68. Rf1 Qg8 69. Kh3 Qf8 70. Rf3 Kg8 71. Rf6 (71. Rd3 $16) 71... Kg7 $14 72. Rf1 (72. Rf4 $14) 72... Qg8 $1 $18 73. Re1 ({Besser ist} 73. g4 $18 {Und weiter mit gxh5 wäre nett.} hxg4+ 74. Kxg4) 73... Qa8 $1 $14 74. Rf1 ({Günstiger ist} 74. Qd2 $14) 74... Qg8 $2 (74... Qf8 $11 {und Schwarz steht sicher.}) 75. Rf3 (75. g4 $18 {gxh5 ist eine echte Drohung.} hxg4+ 76. Kxg4) 75... Qf8 $16 76. Kg2 Kg8 $1 {Precision: Weiß = 58%, Schwarz = 54%.} 1/2-1/2

[Event "WYCC 2018 O16"]
[Site "Halkidiki"]
[Date "2018.10.28"]
[Round "9"]
[White "Matviishen, Viktor"]
[Black "Kosakowski, Jakub"]
[Result "1-0"]
[WhiteElo "2476"]
[BlackElo "2413"]
[Annotator "TA"]
[PlyCount "53"]
[EventDate "2018.10.20"]
[EventType "swiss"]
[EventCountry "GRE"]
[SourceTitle "playchess.com"]
[Source "ChessBase"]
[SourceQuality "1"]

{[%evp 22,53,64,58,88,106,95,116,103,93,106,96,99,96,108,97,89,106,153,160,166,166,159,153,154,137,197,172,391,371,540,473,703,564]} 1. e4 c5 2. Nf3 d6 3. Bb5+ Nc6 4. O-O Bd7 5. Re1 Nf6 6. c3 {[%cal Bc2c3,Bc3d4,Bd4d5][%mdl 32]} a6 7. Bf1 Bg4 8. d4 cxd4 9. cxd4 Bxf3 {B51: Sicilian: Moscow Variation (3 Bb5+) without 3...Bd7} (9... e5 10. d5 Nd4 11. Be3 Nxf3+ 12. gxf3 Bd7 13. a4 Be7 14. Qb3 O-O 15. Na3 Nh5 16. Nc4 f5 17. Nxe5 dxe5 {½-½ (52) Kryvoruchko,Y (2689)-Andriasian,Z (2585) Riadh 2017}) 10. gxf3 e5 11. d5 Nd4 12. Be3 {LiveBook: 7 Games} Nh5 13. f4 {aiming for fxe5.} g6 {[#]} 14. fxe5 $146 ({Much weaker is} 14. Bxd4 exd4 15. Qxd4 Bg7 $15) ({Predecessor:} 14. Nd2 Bg7 15. fxe5 dxe5 16. Nf3 Nxf3+ 17. Qxf3 {½-½ (48) Kotronias,V (2550)-Kuijf,M (2420) Wijk aan Zee 1992}) 14... dxe5 15. Bxd4 exd4 16. Qxd4 Bg7 17. e5 O-O 18. Nd2 {[%cal Bb1d2,Bd2f3,Bf3h4][%mdl 32]} Qg5+ 19. Kh1 Rad8 {[#]} 20. Nf3 $1 $36 {[%cal Rf3g5][%mdl 2048] Keeping Black busy.} Qf5 {[#]} 21. Nh4 $1 {[%cal Rh4f5]} Qg5 22. Ng2 Rfe8 {[%cal Re8e5]} 23. f4 Qg4 (23... Nxf4 $16 24. Qxf4 Rxe5 25. Qxg5 Rxg5) 24. Rad1 f6 $2 (24... Nxf4 {was necessary.} 25. Qxf4 Qxf4 26. Nxf4 Rxe5) 25. e6 $18 f5 (25... Bf8 $142 26. Be2 Qf5 27. Bxh5 Qxh5 28. Qxf6 Bd6 29. Qf7+ Kh8 30. Qxb7 a5) 26. Qe3 Bh6 (26... Nxf4 $142 27. Nxf4 Bf8) 27. Be2 {Precision: White = 100%, Black = 33%.} 1-0

[Event "WYCC 2018 O16"]
[Site "Halkidiki"]
[Date "2018.10.28"]
[Round "9"]
[White "Horvath, Dominik"]
[Black "Travadon, Loic"]
[Result "0-1"]
[WhiteElo "2447"]
[BlackElo "2293"]
[Annotator "TA"]
[PlyCount "82"]
[EventDate "2018.10.20"]
[EventType "swiss"]
[EventCountry "GRE"]
[SourceTitle "playchess.com"]
[Source "ChessBase"]
[SourceQuality "1"]

{[%evp 12,82,23,5,2,0,26,16,19,24,20,6,12,0,11,0,0,0,0,-7,0,0,0,-27,-35,-31,0,0,0,0,85,0,0,0,0,0,0,0,0,20,36,33,51,0,0,0,0,-60,-64,-145,-145,-317,-345,-359,-326,-508,-521,-499,-424,-422,-388,-363,-356,-429,-429,-384,-271,-496,-489,-470,-461,-539,-533]} 1. Nf3 {Quintiliano,R} d5 2. d4 Nf6 3. c4 e6 4. Nc3 a6 5. cxd5 exd5 6. Bf4 {D37: Queen's Gambit Declined: 5 Bf4} Bd6 7. Bg3 {LiveBook: 15 Games} Be6 $146 ({Predecessor:} 7... O-O 8. e3 Bf5 9. Qb3 Bxg3 10. hxg3 Nc6 11. Be2 Qd6 12. O-O Ne7 13. Ne5 h5 {0-1 (39) Karjakin,S (2783)-Adams,M (2761) Shamkir 2017 CBM 178 [Quintiliano,R]}) 8. e3 {The position is equal.} c6 9. Qb3 {Strongly threatening Bxd6.} Bxg3 10. hxg3 Qc7 11. Bd3 h6 12. Rc1 O-O 13. Ne2 Nbd7 14. Qc2 Rfe8 15. a3 Qd6 16. Nf4 Bg4 17. Bf5 Bxf5 18. Qxf5 Re7 19. Qh3 Ne4 20. Nh4 {aiming for Nf5.} Ng5 {[#]} (20... g6 $11) 21. Nf5 (21. Qh2 $1 $16) 21... Nxh3 $11 22. Nxd6 Nxf4 23. gxf4 Nf6 {Threatening ...g6.} 24. Nf5 $1 {[%cal Rf5e7]} Re6 25. Ke2 Ne4 26. g4 Nd6 27. Nh4 (27. Nxd6 $14 Rxd6 28. g5) 27... a5 28. Rcg1 Ra6 29. g5 (29. Rb1 $11) 29... hxg5 $1 $15 30. Rxg5 (30. fxg5 $15 Rb6 31. Rb1) 30... Rh6 $17 31. Rg4 $2 (31. Kd3 $17 {is a better defense.}) 31... Rb6 $19 32. Rb1 {[#]} Ne4 $1 33. Ke1 {[#]} (33. Nf5 $142 Rh2 34. Kf1 (34. Rxg7+ $2 Kf8 $19)) 33... f5 $1 {[%mdl 512]} 34. Rxg7+ (34. Nxf5 Rh1+) 34... Kxg7 35. Nxf5+ Kh7 {Hoping for ...Rh1+.} 36. Nxh6 Kxh6 {KRN-KR} 37. f3 Nd6 38. b4 Nc4 39. Rb3 $2 (39. Kf2) 39... axb4 {Black is clearly winning.} 40. axb4 Ra6 41. b5 Rb6 {Precision: White = 36%, Black = 64%.} 0-1

[Event "WYCC 2018 O16"]
[Site "Halkidiki"]
[Date "2018.10.28"]
[Round "9"]
[White "Vlachos, Anatole"]
[Black "Fernandez Garcia, Gumersindo"]
[Result "1-0"]
[WhiteElo "2435"]
[BlackElo "2065"]
[Annotator "TA"]
[PlyCount "61"]
[EventDate "2018.10.20"]
[EventType "swiss"]
[EventCountry "GRE"]
[SourceTitle "playchess.com"]
[Source "ChessBase"]
[SourceQuality "1"]

{[%evp 16,61,43,45,48,37,50,17,23,0,0,0,0,0,0,0,0,-25,-25,-39,17,25,18,18,12,13,67,65,58,23,33,38,90,70,145,140,120,46,47,47,65,88,263,252,275,272,835,833]} 1. Nf3 Nf6 2. g3 g6 3. Bg2 Bg7 4. O-O O-O 5. d4 d6 6. b3 e5 7. dxe5 Ng4 8. Bb2 Nxe5 {A49: 1 d4 Nf6 2 Nf3 g6 3 g3: Anti-King's Indian systems} (8... Nc6 9. Nc3 Ngxe5 10. Nxe5 Bxe5 11. Rb1 Bd7 12. Nd5 a5 13. a4 Bxb2 14. Rxb2 Kg7 15. e3 Rb8 16. Qd2 f6 17. Rbb1 {1-0 (54) Melkumyan,H (2633)-Perez Mitjans,O (2381) Sitges 2017}) 9. Nxe5 {LiveBook: 14 Games} Bxe5 10. Bxe5 dxe5 {White is slightly better.} 11. Nd2 {[%cal Bb1d2,Bd2c4,Bc4b2][%mdl 32]} Qe7 12. a4 $146 ({Predecessor:} 12. c3 c6 13. Qc2 Be6 14. Rfd1 f5 15. Nf3 Bd5 16. c4 Bxf3 17. Bxf3 {1-0 (74) Urytskyy,A (2172)-Hirneise,T (1948) Grossenseebach 2004}) 12... Rd8 13. Qc1 Na6 14. Nc4 c6 15. Qe3 f6 16. f4 {[%cal Rf4e5]} Be6 17. Nb2 Qc5 (17... Nb4 $15 18. Rac1 {[#]} e4 $1 {[%mdl 512]}) 18. Qxc5 $11 Nxc5 19. fxe5 Rd2 20. b4 Nb3 (20... Nd7 $1 $11) 21. cxb3 $14 Rxb2 22. exf6 Rxb3 23. b5 $36 {[%mdl 2048] White has some pressure.} Rc8 ({Black should try} 23... cxb5 $14 24. Rf4 (24. Bxb7 Rb8 $11) 24... bxa4) 24. Rac1 {[%cal Rb5c6]} Re3 (24... Rb2 $14) 25. bxc6 bxc6 26. Bxc6 (26. Kf2 $16 Re5 27. Bxc6 (27. Rxc6 Rxc6 28. Bxc6 Kf7 $16)) 26... Rxe2 27. Bb5 Rxc1 28. Rxc1 Rb2 $2 {[#]} (28... Re4 $16) 29. Rc7 $18 a5 30. Rg7+ Kh8 $2 (30... Kf8 31. Rxh7 Rd2) 31. Re7 {Precision: White = 44%, Black = 38%.} 1-0

[Event "WYCC 2018 O16"]
[Site "Halkidiki"]
[Date "2018.10.28"]
[Round "9"]
[White "Zarubitski, Viachaslau"]
[Black "Wang, Yanbin"]
[Result "1-0"]
[WhiteElo "2417"]
[BlackElo "2220"]
[Annotator "TA"]
[PlyCount "115"]
[EventDate "2018.10.20"]
[EventType "swiss"]
[EventCountry "GRE"]
[SourceTitle "playchess.com"]
[Source "ChessBase"]
[SourceQuality "1"]

{[%evp 18,115,62,42,33,43,67,68,112,106,114,114,116,116,129,76,125,61,130,125,136,126,142,126,139,141,142,154,189,194,162,120,114,107,156,158,166,156,145,149,185,176,191,187,186,179,202,186,183,183,153,116,128,92,88,81,79,80,81,74,85,68,132,142,182,204,600,293,393,380,484,421,662,646,547,393,416,624,768,767,746,720,927,919,820,777,660,653,646,595,29993,29994,29994,29995,29995,29996,29996,29997,29997,29998]} 1. e4 c5 2. Nf3 e6 3. d4 cxd4 4. Nxd4 a6 5. c4 Nf6 6. Nc3 Bb4 7. Qd3 {B41: Sicilian: Kan Variation: 5 c4} d6 (7... Qc7 8. Nc2 Bc5 9. Be2 O-O 10. O-O Nc6 11. Kh1 d6 12. f4 Bd7 13. a3 Rad8 14. b4 Ba7 {½-½ (115) Karjakin,S (2782)-Caruana,F (2816) Paris 2018}) 8. Nc2 Bxc3+ 9. Qxc3 O-O 10. Bd3 {LiveBook: 5 Games} Nbd7 11. O-O Nc5 $146 ({Predecessor:} 11... b6 12. Rd1 Bb7 13. f3 Qc7 14. Be2 d5 15. cxd5 Qxc3 16. bxc3 exd5 17. exd5 Nxd5 {½-½ (31) Sukandar,I (2387)-Teske,H (2483) Bad Kissingen 2018}) 12. f3 a5 13. Rd1 Qb6 14. Be3 e5 15. Bf1 Be6 16. Rd2 (16. Na3 $142) 16... Rfd8 17. Rad1 ({White should play} 17. Na3 $16) 17... Ne8 (17... Qc6 $1 $14) 18. Na3 $16 {[%cal Bc2a3,Ba3b5,Bb5c3,Bc3d5][%mdl 32]} Qc6 19. Nb5 b6 20. b3 Rd7 21. Qb2 g6 22. Nc3 f5 23. exf5 gxf5 24. Nd5 f4 25. Bf2 Rg7 26. a3 Nd7 27. b4 axb4 28. axb4 ({Much weaker is} 28. Qxb4 $6 Ra4 $11) 28... Bxd5 29. Rxd5 ({Don't do} 29. cxd5 $6 Qa4 $16) 29... Ndf6 30. R5d3 Re7 31. R3d2 Kg7 32. Re1 Qc7 33. g3 fxg3 34. Bxg3 Nh5 35. Bf2 Kh8 36. c5 {[#] Black must now prevent cxd6.} bxc5 37. bxc5 Rg7+ 38. Kh1 {cxd6 is the strong threat.} Qf7 39. Qc3 Rc8 (39... Qf6 $14) 40. Qa3 dxc5 41. Rxe5 ({Less strong is} 41. Bxc5 Qf4 $14) 41... c4 $2 {[#]} (41... Qf4 42. Qe3 Qf7) 42. Qc3 (42. Rxh5 $142 $1 {[%mdl 512]} c3 (42... Qxh5 43. Qf8+) 43. Rd3) 42... Nhf6 43. Bd4 Rb8 {next ...Rb1 is good for Black.} 44. Rde2 h5 (44... h6 $142 45. Re1 Qg6) 45. Re1 $18 Qg6 46. Re7 Rb1 47. Rxb1 {Rbb7 would kill now.} Qxb1 48. Re1 Qg6 49. Qxc4 Qf5 50. Qc3 Qg6 51. Bh3 Kh7 52. Qc5 {Strongly threatening Bf5.} Kh8 53. Qc8 Qd3 54. Rxe8+ {White mates.} Nxe8 55. Qxe8+ Kh7 56. Qxh5+ Kg8 57. Be6+ Kf8 58. Bc5+ {Precision: White = 78%, Black = 35%.} 1-0